Normal view
MARC view
Entry Personal Name
001 - CONTROL NUMBER
- control field: 10648
003 - CONTROL NUMBER IDENTIFIER
- control field: OSt
005 - DATE AND TIME OF LATEST TRANSACTION
- control field: 20160815125440.0
008 - FIXED-LENGTH DATA ELEMENTS
- fixed length control field: 160815|| aca||aabn | a|a d
040 ## - CATALOGING SOURCE
- Original cataloging agency: OSt
- Transcribing agency: OSt
100 ## - HEADING--PERSONAL NAME
- Personal name: Levine,R.John;Young Levine,Margaret;
670 ## - SOURCE DATA FOUND
- Source citation: Work cat.: (OSt): Levine,R.John;Young Levine,Margaret;, More Internet for Dammies., 1998
